BIBLIOTECA

SENCICO

La imagen corpórea : (Registro nro. 356)

Detalles MARC
000 -LEADER
fixed length control field 00924nam a2200289Ia 4500
003 - CONTROL NUMBER IDENTIFIER
control field PE SENCICO BE
005 - DATE AND TIME OF LATEST TRANSACTION
control field 20251020182435.0
008 - FIXED-LENGTH DATA ELEMENTS--GENERAL INFORMATION
fixed length control field 200515s9999 xx 000 0 und d
020 ## - INTERNATIONAL STANDARD BOOK NUMBER
International Standard Book Number 978-84-252-3312-8
040 ## - CATALOGING SOURCE
Original cataloging agency PE SENCICO BE
Transcribing agency PE SENCICO BE
041 ## - LANGUAGE CODE
Language code of text/sound track or separate title spa
082 ## - DEWEY DECIMAL CLASSIFICATION NUMBER
Classification number 720.1
Item number P21
Edition information 2014
100 1# - MAIN ENTRY--PERSONAL NAME
Personal name Pallasmaa, Juhani
9 (RLIN) 1422
Relator term autor
245 10 - TITLE STATEMENT
Title La imagen corpórea :
Remainder of title la imaginación e imaginario en la arquitectura /
Statement of responsibility, etc. Juhani Pallasmaa
250 ## - EDITION STATEMENT
Edition statement 2a ed.
260 ## - PUBLICATION, DISTRIBUTION, ETC.
Place of publication, distribution, etc. Barcelona :
Name of publisher, distributor, etc. Gustavo Gili,
Date of publication, distribution, etc. 2014
300 ## - PHYSICAL DESCRIPTION
Extent 184 páginas :
Other physical details ilustraciones a color ;
Dimensions 21 cm.
504 ## - BIBLIOGRAPHY, ETC. NOTE
Bibliography, etc. note Bibliografía: p. 178-179
650 10 - SUBJECT ADDED ENTRY--TOPICAL TERM
Topical term or geographic name entry element Teoría de la arquitectura
9 (RLIN) 670
650 20 - SUBJECT ADDED ENTRY--TOPICAL TERM
Topical term or geographic name entry element Arquitectura
9 (RLIN) 49
650 20 - SUBJECT ADDED ENTRY--TOPICAL TERM
Topical term or geographic name entry element Filosofía
9 (RLIN) 1423
650 20 - SUBJECT ADDED ENTRY--TOPICAL TERM
Topical term or geographic name entry element Arquitectura estética
9 (RLIN) 1424
650 20 - SUBJECT ADDED ENTRY--TOPICAL TERM
Topical term or geographic name entry element Imagen (Filosofía)
9 (RLIN) 1425
700 1# - ADDED ENTRY--PERSONAL NAME
9 (RLIN) 1426
Personal name Muro, Carles
Relator term traducción
942 ## - ADDED ENTRY ELEMENTS (KOHA)
Koha item type Libros
Source of classification or shelving scheme Dewey Decimal Classification
Existencias
Fecha de la última vez que lo usaron Número de ingreso o de inventario Pago total Signatura topográfica completa Precio efectivo desde Tipo de documento Estado perdido Sistema de clasificación Estado dañado No es para préstamo Retirado Ubicación permanente Ubicación actual Fecha de adquisición Fuente de adquisición
15/05/2020 16672   720.1/P21/2014 20/10/2025 Libros   Dewey Decimal Classification       Biblioteca Central Lima Biblioteca Central Lima 14/08/2023 Comprado de la librería Megabook